000 01016nam a2200325Ia 4500
001 Z_6820
003 CHAP
008 220113s9999 xx 000 0 und d
010 _a170096
020 _a978-607-17-1881-5
040 _cCHAP
082 _a636.51089 T35
100 _aTalavera Rojas, Martín
_9146040
245 _aEl gallo de pelea : atención quirúrgica poscombate /
_cMartín Talavera Rojas
260 _aMéxico, D.F. :
_bEditorial Trillas,
_c
300 _a120 p.
500 _aEn portada: Anatomía interna y externa del gallo. Instrumentos de cirugía y sutura. Tipos y tratamientos para el shock
503 _aej.1: consumo \ ej.2: consumo \ ej.3: consumo
504 _aBibliografía: p. 107 - 111
650 _aCirugía veterinaria
_923436
650 _aGallos
_x
_x Cirugía
_9146041
650 _aGallos de pelea
_9143786
650 _aPeleas de gallos
_9143787
901 _a636.51089 T35
902 _aM
910 _a
942 _c1
942 _cc1
999 _c170096
_d170096